00504nam a2200181 a 4500001001000000003000400010005001700014008004100031020001500072040002500087082001800112100002800130245003500158260005900193300002000252650002400272650002600296000019175OSt20201001125629.0100527s1993 ag r 000 p spa d a9504347398 aDO-SdBNPbspacBNPHU a861.44bD152a1 aDalter, Eduardo,d1947-10aAguas vivas /cEduardo Dalter. aBuenos Aires, Argentina :bEdiciones Del Canto,c1993. a62 p. ;c20 cm. 4aPoesía española 4aLiteratura española